000 00300nam a22001337a 4500
008 180301b xxu||||| |||| 00| 0 eng d
020 _a9780803949768
041 _aeng
080 _a37
100 _a25
101 _aEDU
245 _aImproving your classroom teaching
_cWeimer,M
942 _2udc
_cBK
999 _c43872
_d43872